000
00245nmm a2200085Ia 4500
008
220120s9999||||xx |||||||||||||||||und||
100
_a
PCQ
245
0
_a
15 free open source e commerce platforms, microsoft world wi
260
_a
Cyber media Pvt. Ltd.
999
_c
139933
_d
139933